000 00677nam a2200253Ia 4500
003 OSt
005 20220918163938.0
006 a|||||r|||| 00| 0
007 ta
008 220917b |||||||| |||| 00| 0 eng d
020 _a0333802470 (hbk)
024 _a201,715
037 _cTextual
040 _aARTS
_cARTS
_beng
041 _2eng
_aeng
082 _aV630gY7, P1
100 _aHarvey Robert
_916144
245 0 _aFall of apartheid
_bThe inside story from Smuts to Mbeki
260 _aNew York
_bPalgrave
_c2001
300 _axv, 257p
_ccm.
650 _aHISTORY
942 _hV630gY7, P1
_cTEXL
_2CC
999 _c122239
_d122239